Stadien der Fußball Frauen-Bundesliga 2025/26 - Statistiken

Allgemein
  • Dieses Quiz wurde 43 mal gespielt
  • Das Durchschnittsergebnis liegt bei 9 aus 18
Antwortstatistiken
# Stadt Stadion % Korrekt
57.762 München Allianz Arena
91%
37.000 Bremen Weserstadion
88%
10.287 Leipzig Red Bull Arena
73%
11.934 Hamburg Volksparkstadion
73%
11.242 Berlin Stadion An der Alten Försterei
70%
12.495 Wolfsburg Volkswagen Arena
70%
2.500 München FC Bayern Campus
64%
3.420 Wolfsburg AOK-Stadion
55%
1.912 Bremen Weserstadion Platz 11
55%
2.540 Freiburg Dreisamstadion
42%
1.735 Nürnberg Max-Morlock-Stadion
39%
2.023 Essen Stadion an der Hafenstraße
36%
4.100 Frankfurt Am Brentanobad
33%
1.412 Hoffenheim Dietmar-Hopp-Stadion
27%
1.384 Jena ad hoc Arena im Ernst-Abbe-Sportfeld
24%
1.076 Leverkusen Ulrich-Haberland-Stadion
18%
2.240 Köln Franz-Kremer-Stadion
15%
1.088 Leipzig Trainingszentrum Cottaweg
3%
Keine übereinstimmenden Quizze gefunden
Verteilung der Resultate
Anzahl Personen mit jedem Resultat
Perzentil nach korrekt beantworteten Fragen
Ihre Resultats-Entwicklung
Sie haben dieses Quiz noch nicht gespielt